Экономический анализ слияний/поглощений компаний (Запись № 343015)

Подробности
000 -МАРКЕР
контрольное поле 02052nam0a2200409 4500
001 - ИДЕНТИФИКАТОР ЗАПИСИ
контрольное поле RU\NLR\bibl\1269101
005 - ИДЕНТИФИКАТОР ВЕРСИИ
контрольное поле 20260406115455.0
010 ## - МЕЖДУНАРОДНЫЙ СТАНДАРТНЫЙ НОМЕР КНИГИ (ISBN)
Номер (ISBN) 978-5-85971-937-2
Тираж 3000
021 ## - НОМЕР ГОСУДАРСТВЕННОЙ РЕГИСТРАЦИИ
Код страны российская федерация
Номер 2008-52285
Номер Листа государственной регистраци 2894
035 ## - ДРУГИЕ СИСТЕМНЫЕ НОМЕРА
Идентификатор записи (NLR Aleph) 001254995
100 ## - ДАННЫЕ ОБЩЕЙ ОБРАБОТКИ
Данные общей обработки 20080903d2008 |||y0rusy50 ca
101 0# - ЯЗЫК РЕСУРСА
Язык текста, звукозаписи и т.д. русский
102 ## - СТРАНА ПУБЛИКАЦИИ ИЛИ ПРОИЗВОДСТВА
Страна публикации российская федерация
105 ## - ПОЛЕ КОДИРОВАННЫХ ДАННЫХ: ТЕКСТОВЫЕ МАТЕРИАЛЫ, МОНОГРАФИЧЕСКИЕ
Кодированные данные о монографическом текстовом документе y |||||||||
200 1# - ЗАГЛАВИЕ И СВЕДЕНИЯ ОБ ОТВЕТСТВЕННОСТИ
Основное заглавие Экономический анализ слияний/поглощений компаний
Параллельное заглавие Financial analysis of mergers and acguisitions
Первые сведения об ответственности Д. А. Ендовицкий, В. Е. Соболева
Язык параллельного заглавия английский
210 ## - ПУБЛИКАЦИЯ, РАСПРОСТРАНЕНИЕ И ДР.
Место издания, распространения и т.д. Москва
Имя издателя, распространителя и т. д. Кнорус
Дата издания, распространения и т.д. 2008
215 ## - ФИЗИЧЕСКАЯ ХАРАКТЕРИСТИКА
Специфическое обозначение материала и объем 439 с.
Размеры 22
300 ## - ОБЩИЕ ПРИМЕЧАНИЯ
Текст примечания На 4-й с. обл. авт.: Ендовицкий Д. А., д. э. н., проф., лауреат конкурса "Проф. команда страны", Соболева В. Е., к.э.н.
300 ## - ОБЩИЕ ПРИМЕЧАНИЯ
Текст примечания Авт. также на англ. яз.: D. A. Endovitsky, V. E. Soboleva
320 ## - ПРИМЕЧАНИЯ О НАЛИЧИИ В ДОКУМЕНТЕ БИБЛИОГРАФИИ / УКАЗАТЕЛЯ
Текст примечания Библиогр.: с. 423-439 (250 назв.)
510 0# - ПАРАЛЛЕЛЬНОЕ ЗАГЛАВИЕ
Связь между полями z77790
Параллельное заглавие Financial analysis of mergers and acguisitions
Язык заглавия английский
606 1# - НАИМЕНОВАНИЕ ТЕМЫ КАК ПРЕДМЕТ
Наименование темы Фирмы
Тематический подзаголовок Слияние
Системный номер авторитетной/нормативной записи 2388889
Идентификатор авторитетной/нормативной записи RU\NLR\auth\661424787
606 1# - НАИМЕНОВАНИЕ ТЕМЫ КАК ПРЕДМЕТ
Наименование темы Фирмы
Тематический подзаголовок Экономический анализ
Системный номер авторитетной/нормативной записи 2533748
Идентификатор авторитетной/нормативной записи RU\NLR\auth\661500645
686 ## - ИНДЕКСЫ ДРУГИХ КЛАССИФИКАЦИЙ
Индекс У29(2Р)
686 ## - ИНДЕКСЫ ДРУГИХ КЛАССИФИКАЦИЙ
Индекс У053.9(2)229(2Р)
700 #1 - ИМЯ ЛИЦА - ПЕРВИЧНАЯ ОТВЕТСТВЕННОСТЬ
Код отношения Автор
Материалы, к которым относится поле rus
Графика поля Кириллица
Начальный элемент ввода Ендовицкий
Часть имени, кроме начального элемента ввода Д. А.
Даты 1970-
Расширение инициалов личного имени Дмитрий Александрович
Идентификатор авторитетной/нормативной записи RU\NLR\AUTH\77374
Системный номер авторитетной/нормативной записи 110429
701 #1 - ИМЯ ЛИЦА - АЛЬТЕРНАТИВНАЯ ОТВЕТСТВЕННОСТЬ
Код отношения Автор
Материалы, к которым относится поле rus
Графика поля Кириллица
Начальный элемент ввода Соболева
Часть имени, кроме начального элемента ввода В. Е
Дополнения к именам, кроме дат канд. экон. наук
Даты 1983-
Расширение инициалов личного имени Валерия Евгениевна
Идентификатор авторитетной/нормативной записи RU\NLR\AUTH\7772975
Системный номер авторитетной/нормативной записи 55903
790 #1 - ИМЯ ЛИЦА - АЛЬТЕРНАТИВНАЯ ФОРМА
Код отношения Автор
Материалы, к которым относится поле rus
Графика поля Кириллица
Начальный элемент ввода Endovickij
Часть имени, кроме начального элемента ввода D. A.
Даты 1970-
Расширение инициалов личного имени Dmitrij Aleksandrovič
Идентификатор авторитетной/нормативной записи RU\NLR\AUTH\7773411
Системный номер авторитетной/нормативной записи 56339
790 #1 - ИМЯ ЛИЦА - АЛЬТЕРНАТИВНАЯ ФОРМА
Код отношения Автор
Материалы, к которым относится поле rus
Графика поля Латинская
Начальный элемент ввода Soboleva
Часть имени, кроме начального элемента ввода V. E.
Дополнения к именам, кроме дат канд. экон. наук
Даты 1983-
Расширение инициалов личного имени Valerija Evgenievna
Идентификатор авторитетной/нормативной записи RU\NLR\AUTH\7773415
Системный номер авторитетной/нормативной записи 56343
801 #0 - ИСТОЧНИК ЗАПИСИ
Страна российская федерация
Организация NLR
Дата составления 20080903
Правила каталогизации RCR
801 #1 - ИСТОЧНИК ЗАПИСИ
Страна российская федерация
Организация NLR
Дата составления 20080903
830 ## - ОБЩЕЕ ПРИМЕЧАНИЕ, СОСТАВЛЕННОЕ КАТАЛОГИЗАТОРОМ
Текст примечания по кн.
942 ## - ДОПОЛНИТЕЛЬНЫЕ ЭЛЕМЕНТЫ ЗАПИСИ (АБИС)
Тип экземпляра АБИС Книга
980 ## - КОЛЛЕКЦИЯ
Название коллекции Национальная библиография
Экземпляры
Тип экземпляра Дата поступления Источник поступления Библиотека постоянного хранения Библиотека текущего хранения Место хранения Шифр хранения Штрих-код Статус не для выдачи
Книга 03.09.2008 Обязательный экземпляр РНБ (Московский) РНБ (Московский) Русский книжный фонд: издания с 1957 года, 9этаж 2008-5/7428 1-825556  
Книга 03.09.2008 Обязательный экземпляр РНБ (Московский) РНБ (Московский) Русский книжный фонд: издания с 1957 года, 9этаж 2008-5/7428 1-2352572